Cidades Brasileiras mais violentas - Statistics

Estatísticas Gerais
  • Esse quiz foi jogado 16 vezes
  • A pontuação média é 3 de 15
Estatísticas das Respostas
Hint Resposta % Correto
13 Feira de Santana
73%
8 Altamira
27%
9 Camaçari
27%
5 Lauro de Freitas
27%
15 Ananindeua
18%
4 Porto Seguro
18%
1 Queimados
18%
3 Simões Filho
18%
2 Eunápolis
9%
6 Japeri
9%
12 Nossa Senhora do Socorro
9%
10 Almirante Tamandaré
0%
14 Luziânia
0%
11 Marabá
0%
7 Maracanaú
0%
Nenhum quiz correspondente encontrado
Distribuição das Pontuações
Porcentagem de Pessoas com Cada Pontuação
Percentil de Números Respondidos
Sua Pontuação Histórica
Você não jogou esse quiz